书目信息 |
| 题名: |
教育经济与管理
|
|
| 作者: | 娄成武 , 史万兵 编著 | |
| 分册: | ||
| 出版信息: | 北京 中国人民大学出版社 2004 |
|
| 页数: | 360页 | |
| 开本: | 23cm | |
| 丛书名: | ||
| 单 册: | ||
| 中图分类: | G40-054 , G40-058 | |
| 科图分类: | ||
| 主题词: | 教育经济学--教材 , 教育管理学--教材 , 教育经济学 , 教育管理学 | |
| 电子资源: | ||
| ISBN: | 7-300-05463-3 | |
| 000 | 00917nam0 2200289 450 | |
| 001 | 1553820945 | |
| 005 | 20150128145712.73 | |
| 010 | @a7-300-05463-3@dCNY26.00 | |
| 100 | @a20040729d2004 emky0chiy50 ea | |
| 101 | 0 | @achi |
| 102 | @aCN@b110000 | |
| 105 | @ay z 000yy | |
| 200 | 1 | @a教育经济与管理@9jiao yu jing ji yu guan li@f娄成武,史万兵编著 |
| 210 | @a北京@c中国人民大学出版社@d2004 | |
| 215 | @a360页@d23cm | |
| 300 | @a21世纪公共管理系列教材 | |
| 330 | @a本书从教育基本概念出发,切入教育经济的基本理论问题,全面论述教育经济管理的内容,并对教育管理进行介绍。 | |
| 606 | 0 | @a教育经济学@j教材 |
| 606 | 0 | @a教育管理学@j教材 |
| 606 | 0 | @a教育经济学 |
| 606 | 0 | @a教育管理学 |
| 690 | @aG40-054@v5 | |
| 690 | @aG40-058@v5 | |
| 701 | 0 | @a娄成武@9lou cheng wu@f(1949.5~)@4编著 |
| 701 | 0 | @a史万兵@9shi wan bing@c(女,@f1967~)@4编著 |
| 801 | 0 | @aCN@bTSSF@c20150128 |
| 905 | @aZUCC@dG40-054@eJY3 | |
| 教育经济与管理/娄成武,史万兵编著.-北京:中国人民大学出版社,2004 |
| 360页;23cm |
| 21世纪公共管理系列教材 |
| ISBN 7-300-05463-3:CNY26.00 |
| 本书从教育基本概念出发,切入教育经济的基本理论问题,全面论述教育经济管理的内容,并对教育管理进行介绍。 |
| ● |
| 相关链接 |
|
|
|
|
正题名:教育经济与管理
索取号:G40-054/JY3
 
预约/预借
| 序号 | 登录号 | 条形码 | 馆藏地/架位号 | 状态 | 备注 |
| 1 | 7859501 | 278595012 | 学院路分馆/ [索取号:G40-054/JY3] | 在馆 |